Who needs experts? : (Record no. 144413)
[ view plain ]
| 000 -LEADER | |
|---|---|
| fixed length control field | 03136nam a2200397 i 4500 |
| 001 - CONTROL NUMBER | |
| control field | ebr10802613 |
| 003 - CONTROL NUMBER IDENTIFIER | |
| control field | CaPaEBR |
| 006 - FIXED-LENGTH DATA ELEMENTS--ADDITIONAL MATERIAL CHARACTERISTICS--GENERAL INFORMATION | |
| fixed length control field | m o d |
| 007 - PHYSICAL DESCRIPTION FIXED FIELD--GENERAL INFORMATION | |
| fixed length control field | cr cn||||||||| |
| 008 - FIXED-LENGTH DATA ELEMENTS--GENERAL INFORMATION | |
| fixed length control field | 130416t20142014enka ob 001 0 eng|d |
| 020 ## - INTERNATIONAL STANDARD BOOK NUMBER | |
| Cancelled/invalid ISBN | 9781409439349 (hardback : alk. paper) |
| International Standard Book Number | 9781409439356 (e-book) |
| 040 ## - CATALOGING SOURCE | |
| Original cataloging agency | CaPaEBR |
| Language of cataloging | eng |
| Description conventions | rda |
| -- | pn |
| Transcribing agency | CaPaEBR |
| 050 14 - LIBRARY OF CONGRESS CALL NUMBER | |
| Classification number | CC77.H5 |
| Item number | W45 2014eb |
| 082 04 - DEWEY DECIMAL CLASSIFICATION NUMBER | |
| Classification number | 930.1 |
| Edition number | 23 |
| 245 00 - TITLE STATEMENT | |
| Title | Who needs experts? : |
| Remainder of title | counter-mapping cultural heritage / |
| Statement of responsibility, etc | edited by John Schofield. |
| 264 #1 - PRODUCTION, PUBLICATION, DISTRIBUTION, MANUFACTURE, AND COPYRIGHT NOTICE | |
| Place of production, publication, distribution, manufacture | Farnham, Surry, UK ; |
| -- | Burlington, VT : |
| Name of producer, publisher, distributor, manufacturer | Ashgate, |
| Date of production, publication, distribution, manufacture, or copyright notice | [2014] |
| Date of production, publication, distribution, manufacture, or copyright notice | �2014 |
| 300 ## - PHYSICAL DESCRIPTION | |
| Extent | 1 online resource (277 pages) : |
| Other physical details | illustrations. |
| 336 ## - CONTENT TYPE | |
| Content type term | text |
| Source | rdacontent |
| 337 ## - MEDIA TYPE | |
| Media type term | computer |
| Source | rdamedia |
| 338 ## - CARRIER TYPE | |
| Carrier type term | online resource |
| Source | rdacarrier |
| 440 #0 - SERIES STATEMENT/ADDED ENTRY--TITLE | |
| Title | Heritage, culture, and identity |
| 504 ## - BIBLIOGRAPHY, ETC. NOTE | |
| Bibliography, etc | Includes bibliographical references and index. |
| 505 0# - FORMATTED CONTENTS NOTE | |
| Formatted contents note | Heritage expertise and the everyday : citizens and authority in the twenty-first century / John Schofield -- Revisiting the Dewey-Lippman debate, Faro and expertise in the humanities / Stephanie Koerner -- Ethnography of a "humble expert" : experiencing Faro / Sarah Wolferstan -- The old bag's way : space and power in contemporary heritage / Paul Graves-Brown -- Counter-mapping and migrancy on the Georges River / Denis Byrne -- Faro and the LGBT heritage community / Rebecca Dierschow -- More than a sensitive ear : what to expect of a heritage expert / Mats Burstrom -- Who would believe experts? : interrogating the discourses of archaeological and interest groups in two recent heritage disputes in Ireland / Tadhg O'Keeffe -- Cinema under the stars, heritage from below / Brett Lashua and Simon Baker -- Finding people in the heritage of Bankside, Southwark / Don Henson -- Punks and drunks : mapping homelessness in Bristol and York / Rachael Kiddey -- Local world heritage : relocating expertise in world heritage management / Dominic Walker -- Contesting the "expert" at the former Bradford Odeon, West Yorkshire / Stella Jackson -- A most peculiar memorial : cultural heritage and fiction / Melissa Beattie -- Reykjavik's abandoned building sites : heritage of an economic collapse / Gisli Palsson and Pall Haukur Bjornsson -- What was wrong with Dufton? : reflections on counter-mapping : self, alterity and community / Graham Fairclough. |
| 588 ## - SOURCE OF DESCRIPTION NOTE | |
| Source of description note | Description based on print version record. |
| 590 ## - LOCAL NOTE (RLIN) | |
| Local note | Electronic reproduction. Palo Alto, Calif. : ebrary, 2013. Available via World Wide Web. Access may be limited to ebrary affiliated libraries. |
| 650 #0 - SUBJECT ADDED ENTRY--TOPICAL TERM | |
| Topical term or geographic name as entry element | Archaeology and history. |
| Topical term or geographic name as entry element | Cultural property. |
| Topical term or geographic name as entry element | Local history. |
| 655 #0 - INDEX TERM--GENRE/FORM | |
| Genre/form data or focus term | Electronic books. |
| 700 1# - ADDED ENTRY--PERSONAL NAME | |
| Personal name | Schofield, John, |
| Dates associated with a name | 1948- |
| 776 08 - ADDITIONAL PHYSICAL FORM ENTRY | |
| Display text | Print version: |
| Title | Who needs experts? : counter-mapping cultural heritage. |
| Place, publisher, and date of publication | Farnham, Surry, UK : Ashgate, [2014] |
| Physical description | xvi, 260 pages |
| Series data for related item | Heritage, culture and identity |
| International Standard Book Number | 9781409439349 |
| Record control number | (DLC) 2013011972 |
| 797 2# - LOCAL ADDED ENTRY--CORPORATE NAME (RLIN) | |
| Corporate name or jurisdiction name as entry element | ebrary. |
| 856 40 - ELECTRONIC LOCATION AND ACCESS | |
| Uniform Resource Identifier | <a href="http://site.ebrary.com/lib/rucke/Doc?id=10802613">http://site.ebrary.com/lib/rucke/Doc?id=10802613</a> |
| Public note | An electronic book accessible through the World Wide Web; click to view |
No items available.
